03228nam a2200289   4500001000700000003000900007005001700016008004100033020001500074020001800089040004400107041000800151082002500159100004800184100003300232245006800265250002200333260006200355300005200417505216800469650004902637650004202686700003602728942001602764999001902780952013902799113678DR-UNIBE20250526143403.0250526b2017    xxu||||| |||| 00| 0 eng d  a0998533602  a9780998533605  aBIBLIOTECA UNIBEbspacBIBLIOTECA UNIBE  aeng  222a617.6 D272c 20171 aDawson, Peter E.,d1930-2019eautor91959251 aCranham, John9195917eautor14aThe complete dentist manual /cPeter E. Dawson, John C. Cranham  aPrimera edición  aSt. Petersburg, Florida :bWidiom Publishing, LLC.,c2017  a370 páginas :bilustraciones a color ;c28 cm0 a1.	The complete dentist as a masticatory system physician |
2.	Wrong thinking about complete dentistry |
3.	The complete dentist evaluates teeth differently |
4.	Complete dentist measure success with objective criteria |
5.	Complete dentist avoid the 10 most common ways to screw up an occlusion |
6.	Goal one: get the mouth healthy |
7.	The clinical game changer: centric relation |
8.	Centric relation: what it is and what it´s not |
9.	Complete dentists record centric relation precisely |
10.	The articulator |
11.	Complete dentists use articulators wisely |
12.	Adapted centric posture |
13.	The complete dentist evaluates the TMJs on every patient |
14.	Treating unstable or uncomfortable TMJs |
15.	Complete dentists achieve acclusal harmony |
16.	Complete dentists classify conditions |
17.	End the guessing game for front teeth |
18.	Complete dentists get the anterior guidance right |
19.	Complete dentists create beautiful esthetics | |
20.	Complete dentists develop optimum treatment plans |
21.	Streamlining the treatment planning process: the Dawson diagnostic wizard |
22.	Complete dentists use quality controls |
23.	Complete dentists diagnose orofacial pain |
24.	Complete dentists use vertical dimension wisely |
25.	Complete dentists don´t violate the neutral zone |
26.	Complete dentists know when the occlusal plane is a problem |
27.	Complete dentists stay current on diagnostic modalities |
28.	Dental imaging in transition |
29.	Complete dentists use imaging wisely |
30.	A restorative dentist looks at orthodontics |
31.	Orthodontics for complete dentistry |
32.	GP and orthodontist collaboration |
33.	Complete dentists use removable partial dentures wisely |
34.	Dental implants in the Dawson philosophy |
35.	The complete dentist´s expanded role |
36.	Complete dentists are gatekeepers for general health |
37.	The Complete dentists develops a coordinated interdisciplinary team |
38.	Complete dentists see new patients differently |
39.	Complete dentists attract and keep new patients |
40.	Put your patients second |
41.	Transitioning the legacy practice |
42.	Making sense of the literature |
43.	Resources for complete dentists
 72lembaOdontologíaxLibros de texto9195931 72lembaOdontologíavManuales91959321 aDaxon, Kimeprologuista9195919  2ddccBK-RES  c113678d113678  00102ddc708RESaPrincipalcNEWd2025-05-26l2o617.6 D272c 2017p250663r2025-06-16 10:03:41s2025-06-09tEj. 1w2025-05-26yBK-RES